[Event "Kesarovski Georgiev Memorial 8th"]
[Site "Sunny Beach"]
[Date "2009.09.11"]
[Round "6"]
[White "Ivanov, Daniel"]
[Black "Papazov, Sotir"]
[Result "1-0"]
[WhiteElo "1800"]
[BlackElo "1945"]
[PlyCount "83"]
[EventDate "2009.09.07"]
[EventType "swiss"]
[EventRounds "9"]
[EventCountry "BUL"]
[SourceTitle "CBM 132 Extra"]
[Source "ChessBase"]
[SourceDate "2009.11.03"]
[SourceVersion "1"]
[SourceVersionDate "2009.11.03"]
[SourceQuality "1"]

1. e4 c5 2. Nf3 d6 3. d4 cxd4 4. Nxd4 Nf6 5. Nc3 a6 6. Be2 e5 7. Nb3 Be6 8. Bg5 Be7 9. Bxf6 Bxf6 10. Nd5 Nd7 11. 0-0 Rc8 12. Bg4 Bxg4 13. Qxg4 Rxc2 14. f4 0-0 15. f5 Nb6 16. Ne3 Rxb2 17. Rf3 d5 18. Rh3 Bg5 19. Nd1 Rc2 20. Rg3 f6 21. h4 h6 22. Kh1 Rf7 23. Qh5 Kf8 24. Nc3 d4 25. Rd1 Rd7 26. Nc5 Re7 27. Ne6+ Rxe6 28. fxe6 Qe7 29. Nd5 Nxd5 30. exd5 Rc5 31. Qf3 Qd6 32. Qh5 Qe7 33. Rb3 b5 34. a4 Rxd5 35. axb5 Qxe6 36. bxa6 Qxa6 37. Rb8+ Ke7 38. Qe8+ Kd6 39. Rd8+ Kc5 40. Rc8+ Kd6 41. Rb1 Rb5 42. Rxb5 1-0

[Event "Sunny Beach op"]
[Site "Sunny Beach"]
[Date "2008.11.29"]
[Round "5"]
[White "Valev, Valentin"]
[Black "Papazov, Sotir"]
[Result "0-1"]
[WhiteElo "1765"]
[BlackElo "1945"]
[PlyCount "86"]
[EventDate "2008.11.28"]
[EventType "swiss"]
[EventRounds "7"]
[EventCountry "BUL"]
[SourceTitle "EXT 2010"]
[Source "ChessBase"]
[SourceDate "2010.11.25"]
[SourceVersion "1"]
[SourceVersionDate "2010.11.25"]
[SourceQuality "1"]

1. e4 c5 2. Nc3 d6 3. d3 g6 4. g3 Nc6 5. Bg2 Nf6 6. Nge2 Bg7 7. 0-0 0-0 8. h3 Rb8 9. Be3 Bd7 10. f4 b5 11. e5 Ne8 12. Rb1 dxe5 13. Bxc5 exf4 14. Nxf4 Bd4+ 15. Bxd4 Nxd4 16. Re1 Nf6 17. Nce2 e5 18. Nxd4 exf4 19. gxf4 Bxh3 20. Nc6 Qb6+ 21. d4 Bxg2 22. Ne7+ Kg7 23. Kxg2 Qd6 24. Qf3 Rb6 25. d5 b4 26. Re5 Rb5 27. Rbe1 Rd8 28. Rd1 Rd7 29. Qe2 a6 30. Rd4 Rc7 31. Rc4 Rxe7 32. Rxe7 Qxd5+ 33. Kh2 Qf5 34. Kg2 h5 35. Rcc7 Qxf4 36. Rxf7+ Kh6 37. Qf3 Rg5+ 38. Kf2 Ne4+ 39. Ke2 Qd2+ 40. Kf1 Ng3+ 41. Kg1 Ne2+ 42. Kf2 Nd4+ 43. Kf1 Qc1+ 0-1

[Event "Kesarovski Georgiev Memorial 7th"]
[Site "Sunny Beach"]
[Date "2008.09.11"]
[Round "5"]
[White "Papazov, Sotir"]
[Black "Lilov, Valeri Petrov"]
[Result "0-1"]
[WhiteElo "1879"]
[BlackElo "2184"]
[PlyCount "85"]
[EventDate "2008.09.08"]
[EventType "swiss"]
[EventRounds "9"]
[EventCountry "BUL"]
[SourceTitle "CBM 126 Extra"]
[Source "ChessBase"]
[SourceDate "2008.11.05"]
[SourceVersion "1"]
[SourceVersionDate "2008.11.05"]
[SourceQuality "1"]

1. e4 e5 2. Nf3 Nc6 3. Bb5 a6 4. Ba4 Nf6 5. 0-0 Be7 6. Re1 b5 7. Bb3 0-0 8. a3 d6 9. d3 Bg4 10. c3 Na5 11. Ba2 c5 12. Nbd2 Nc6 13. Nf1 Qc8 14. Ne3 Be6 15. Nd5 Bxd5 16. exd5 Na5 17. b4 cxb4 18. axb4 Nb7 19. c4 Nd7 20. Ng5 h6 21. Ne4 f5 22. Nxd6 Bxd6 23. Ba3 a5 24. c5 axb4 25. Bxb4 Bxc5 26. Qb3 Bxb4 27. Qxb4 Qc5 28. Qh4 Ra4 29. Qh5 Qc3 30. Qd1 Nbc5 31. d6+ Kh8 32. Rc1 Qxd3 33. Bb1 Qxd1 34. Rexd1 Rc4 35. Ba2 Rxc1 36. Rxc1 Ra8 37. Bf7 Ra6 38. h4 b4 39. h5 b3 40. Bg6 b2 41. Rf1 Ra1 42. Bxf5 Rxf1+ 43. Kxf1 0-1

[Event "Kesarovski Georgiev Memorial 7th"]
[Site "Sunny Beach"]
[Date "2008.09.09"]
[Round "2"]
[White "Papazov, Sotir"]
[Black "Manolov, Ivan"]
[Result "0-1"]
[WhiteElo "1879"]
[BlackElo "2246"]
[PlyCount "59"]
[EventDate "2008.09.08"]
[EventType "swiss"]
[EventRounds "9"]
[EventCountry "BUL"]
[SourceTitle "CBM 126 Extra"]
[Source "ChessBase"]
[SourceDate "2008.11.05"]
[SourceVersion "1"]
[SourceVersionDate "2008.11.05"]
[SourceQuality "1"]

1. e4 c5 2. Nf3 e6 3. d4 cxd4 4. Nxd4 Nf6 5. Nc3 Nc6 6. Ndb5 Bb4 7. a3 Bxc3+ 8. Nxc3 d5 9. Bd3 0-0 10. 0-0 d4 11. Ne2 e5 12. Ng3 Be6 13. Bg5 h6 14. Bd2 Rc8 15. Nh5 Nd7 16. f4 exf4 17. Nxf4 Nde5 18. Nxe6 fxe6 19. Qh5 Rxf1+ 20. Rxf1 Qe8 21. Qxe8+ Rxe8 22. Be2 Rc8 23. Bf4 Kh7 24. Rd1 Ng6 25. Bg3 Nce5 26. Rd2 Nc4 27. Rxd4 Nxb2 28. Rd7 Rxc2 29. Bg4 Rc6 30. Rxb7 0-1

[Event "Kesarovski Georgiev Memorial 6th"]
[Site "Sunny Beach"]
[Date "2007.09.16"]
[Round "7"]
[White "Petkov, Vladimir"]
[Black "Papazov, Sotir"]
[Result "1-0"]
[WhiteElo "2520"]
[BlackElo "1852"]
[PlyCount "89"]
[EventDate "2007.09.10"]
[EventType "swiss"]
[EventRounds "9"]
[EventCountry "BUL"]
[SourceTitle "CBM 120 Extra"]
[Source "ChessBase"]
[SourceDate "2007.11.01"]
[SourceVersion "1"]
[SourceVersionDate "2007.11.01"]
[SourceQuality "1"]

1. Nf3 Nf6 2. d4 g6 3. c4 Bg7 4. Nc3 0-0 5. e4 d6 6. Be2 e5 7. 0-0 Nc6 8. d5 Ne7 9. Ne1 h5 10. Nd3 c6 11. Kh1 b5 12. dxc6 bxc4 13. Nb4 a5 14. Nbd5 Nxc6 15. Bg5 Ba6 16. Qd2 Nb4 17. f3 Nd3 18. b3 Nc5 19. Bxc4 Bxc4 20. bxc4 Ne6 21. Be3 Nd7 22. Nb5 Ra6 23. Rad1 Ndc5 24. Qf2 Rc6 25. Rd2 f5 26. exf5 Rxf5 27. Qe2 Qf8 28. Rfd1 e4 29. Bxc5 Nxc5 30. f4 Bh6 31. g3 Kh8 32. Nd4 Ra6 33. Nxf5 Qxf5 34. Ne3 Qf6 35. Rd5 Bf8 36. f5 Ra7 37. fxg6 Qf3+ 38. Qxf3 exf3 39. Rxh5+ Kg8 40. Rf5 Rg7 41. Rxf3 Rxg6 42. Rb1 Bg7 43. Nf5 Kh7 44. Nxg7 Kxg7 45. Re1 1-0